Sensitive witnesses : feminist materialism in the British Enlightenment /

Kristin M. Girten tells a new story of feminist knowledge-making in the Enlightenment era by exploring the British female philosophers who asserted their authority through the celebration of profoundly embodied observations, experiences and experiments. This book explores the feminist materialist pr...

Full description

Bibliographic Details
Main Author: Girten, Kristin M. (Author)
Format: Book
Language:English
Published: Stanford, California : Stanford University Press, [2024].
Subjects:

MARC

Tag First Indicator Second Indicator Subfields
LEADER 00000cam a2200000 i 4500
001 in00004780121
003 OCoLC
005 20240306153407.5
008 231009t20242024cau b 001 0 eng
010 |a  2023046088 
040 |a DLC  |e rda  |c DLC 
020 |a 9781503633032  |q hardcover 
020 |a 1503633039  |q hardcover 
020 |z 9781503637696  |q electronic book 
035 |a (OCoLC)1373013000 
043 |a e-uk--- 
050 0 0 |a PR113  |b .G57 2024 
082 0 0 |a 820.9/9287  |2 23/eng/20231114 
100 1 |a Girten, Kristin M.,  |e author. 
245 1 0 |a Sensitive witnesses :  |b feminist materialism in the British Enlightenment /  |c Kristin M. Girten. 
264 1 |a Stanford, California :  |b Stanford University Press,  |c [2024]. 
264 4 |c ©2024. 
300 |a xi, 231 pages ;  |c 24 cm. 
336 |a text  |b txt  |2 rdacontent 
337 |a unmediated  |b n  |2 rdamedia 
338 |a volume  |b nc  |2 rdacarrier 
504 |a Includes bibliographical references and index. 
505 0 |a Epicurean soft science : Lucy Hutchinson and Margaret Cavendish -- Libertine epicureanism and scientific critique : Aphra Behn -- Espionage, skepticism, and the process of philosophy : Eliza Haywood -- A science that cares : Charlotte Smith. 
520 |a Kristin M. Girten tells a new story of feminist knowledge-making in the Enlightenment era by exploring the British female philosophers who asserted their authority through the celebration of profoundly embodied observations, experiences and experiments. This book explores the feminist materialist practice of sensitive witnessing, establishing an alternate history of the emergence of the scientific method in the eighteenth century. Francis Bacon and other male natural philosophers regularly downplayed the embodied nature of their observations. They presented themselves as modest witnesses, detached from their environment and entitled to the domination and exploitation of it. In contrast, the philosopher-authors that Girten takes up asserted themselves as intimately entangled with matter, boldly embracing their perceived close association with the material world as women. Girten shows how Lucy Hutchison, Margaret Cavendish, Aphra Behn, Eliza Haywood and Charlotte Smith took inspiration from materialist principles to challenge widely accepted "modest" conventions for practicing and communicating philosophy. Forerunners of the feminist materialism of today, these thinkers recognized the kinship of human and nonhuman nature and suggested a more accessible, inclusive version of science. Girten persuasively argues that our understanding of Enlightenment thought must take into account these sensitive witnesses' visions of an alternative scientific method informed by profound closeness with the natural world. 
650 0 |a English literature  |x Women authors  |x History and criticism. 
650 0 |a Philosophy of nature in literature. 
650 0 |a Materialism in literature. 
650 0 |a Philosophy and science  |z Great Britain  |x History. 
650 0 |a Authors, English  |x Philosophy  |x History. 
650 0 |a Enlightenment  |z Great Britain. 
945 |b 980645 
947 |a A14852511279 
948 |a dmitchel 3/6/24 9.30.20 
980 |b print  |c 40032162783  |f NONFIC/B  |g 565714  |k USD  |m 52.00  |q 1  |s AcqMono Conventional  |t Approval plan  |u Vendor order reference number  |v ZYBP  |y Print approval  |z Physical resource 
999 f f |i a97d9b52-6dce-42e3-85be-f5262f39e91b  |s 1b1f1743-f5c2-4631-9a46-ac9ed274db97  |t 0 
952 f f |p normal  |a Texas A&M University  |b College Station  |c Sterling C. Evans Library  |d Evans: Library Stacks  |t 0  |e PR113 .G57 2024  |h Library of Congress classification  |i unmediated -- volume  |m A14852511279 
998 f f |a PR113 .G57 2024  |t 0  |l Evans: Library Stacks